Methodolgy Prospects for Scientific Research: (Record no. 38776)

MARC details
000 -LEADER
fixed length control field 01718 a2200169 4500
020 ## - INTERNATIONAL STANDARD BOOK NUMBER
ISBN 9783030524999
082 ## - DEWEY DECIMAL CLASSIFICATION NUMBER
Classification number 001.42
Item number MET-
245 ## - TITLE STATEMENT
Title Methodolgy Prospects for Scientific Research:
Sub Title From Pragmatism to Pluralism/
Statement of responsibility, etc edited by Wenceslao J. Gonzalez
260 ## - PUBLICATION, DISTRIBUTION, ETC. (IMPRINT)
Place of publication New York:
Name of publisher Springer,
Year of publication 2020
300 ## - PHYSICAL DESCRIPTION
Number of Pages vi, 247p.
504 ## - BIBLIOGRAPHY, ETC. NOTE
Bibliography, etc Include Bibliography and Index (page no. 231-247).
520 ## - SUMMARY, ETC.
Summary, etc This book highlights the existence of a diversity of methods in science, in general, in groups of sciences (natural, social or the artificial), and in individual sciences. This methodological variety is open to a number of consequences, such as the differences in the research according to levels of reality (micro, meso and macro), which leads to multi-scale modelling and to questioning “fundamental” parts in the sciences, understood as the necessary support for the whole discipline. In addition, this volume acknowledges the need to assess the efficacy of procedures and methods of scientific activity in engendering high quality results in research made; the relevance of contextual factors for methodology of science; the existence of a plurality of stratagems when doing research in empirical sciences (natural, social and of the artificial); and the need for an ethical component while developing scientific methods, because values should have a role in scientific research. The book is of interest to a broad audience of philosophers, academics in various fields, graduate students and research centers interested in methodology of science.
546 ## - LANGUAGE NOTE
Language note English
650 ## - SUBJECT ADDED ENTRY--TOPICAL TERM
Topical Term Research methodology
General subdivision Pluralism.
-- Pragmatism.
-- Philosophy.
700 ## - ADDED ENTRY--PERSONAL NAME
Personal name Gonzalez, Wenceslao J.
Relator term editor.
942 ## - ADDED ENTRY ELEMENTS (KOHA)
Source of classification or shelving scheme Dewey Decimal Classification
Koha item type Books
Holdings
Withdrawn status Lost status Damaged status Not for loan Home library Current library Date acquired Source of acquisition Cost, normal purchase price Full call number Accession Number Cost, replacement price Price effective from Koha item type
        NASSDOC Library NASSDOC Library 20/03/2024 Narendra Publishing House 5913.75 001.42 MET- 53957 9098.09 10/04/2024 Books